| 000 | 00593nam a2200193Ia 4500 | ||
|---|---|---|---|
| 005 | 20250923145052.0 | ||
| 008 | 008 250917s9999 xx 000 0 eng d | ||
| 037 | _aTextual | ||
| 040 |
_aDSWL _beng _cDSWL |
||
| 041 |
_aeng _2eng |
||
| 084 |
_aY33:7:7p2,N58, N59 _qDSWL |
||
| 245 | 0 |
_aReport of the seminar on Urban Community - Development _cby Indian Conference of Social Work |
|
| 260 |
_b42 Quens Barracks Foreore Rd. _c1959 |
||
| 300 | _a134p. | ||
| 365 |
_aINR _b7.00 |
||
| 925 | _g7.00 | ||
| 942 |
_cTEXL _hY33:7:7p2,N58, N59 |
||
| 999 |
_c1446713 _d1446713 |
||